Welcome to CU Library Online Public Access Catalogue (OPAC)

Christianity in Africa : (Record no. 2941)

MARC details
000 -LEADER
fixed length control field 00614cam a2200193 a 4500
001 - CONTROL NUMBER
control field 1143729
005 - DATE AND TIME OF LATEST TRANSACTION
control field 20250123160406.0
008 - FIXED-LENGTH DATA ELEMENTS--GENERAL INFORMATION
fixed length control field 950612s1995 stk b 001 0 eng
020 ## - INTERNATIONAL STANDARD BOOK NUMBER
International Standard Book Number 1570750483
050 00 - LIBRARY OF CONGRESS CALL NUMBER
Classification number BR1360
Item number .B39 1995
082 00 - DEWEY DECIMAL CLASSIFICATION NUMBER
Classification number 276
Edition information 20
100 1# - MAIN ENTRY--PERSONAL NAME
Personal name Bediako, Kwame.
245 10 - TITLE STATEMENT
Title Christianity in Africa :
Remainder of title the renewal of a non-Western religion /
Statement of responsibility, etc. Kwame Bediako.
260 ## - PUBLICATION, DISTRIBUTION, ETC.
Place of publication, distribution, etc. Edinburgh :
Name of publisher, distributor, etc. Edinburgh University Press ;
Place of publication, distribution, etc. Maryknoll, N.Y. :
Name of publisher, distributor, etc. Orbis Books,
Date of publication, distribution, etc. c1995.
300 ## - PHYSICAL DESCRIPTION
Extent xii, 276 p. ;
Dimensions 22 cm.
650 #0 - SUBJECT ADDED ENTRY--TOPICAL TERM
Topical term or geographic name entry element Christianity
Geographic subdivision Africa.
650 #0 - SUBJECT ADDED ENTRY--TOPICAL TERM
Topical term or geographic name entry element Christianity and culture.
942 ## - ADDED ENTRY ELEMENTS (KOHA)
Source of classification or shelving scheme Library of Congress Classification
Koha item type Books
Suppress in OPAC No
999 ## -
-- 2941
-- 2941
Holdings
Withdrawn status Lost status Source of classification or shelving scheme Damaged status Not for loan Collection Home library Current library Shelving location Date acquired Total checkouts Full call number Barcode Date last seen Copy number Price effective from Koha item type
    Library of Congress Classification     Non-fiction Graduate Library (Christ Temple) Graduate Library (Christ Temple) General stacks 01/23/2025   BR 1360 BED GSCT00000319 01/23/2025 1 01/23/2025 Books
© 2023-2024 Copyright: Central University Libraries. All Rights Reserved | Created by: Mahone Tech Office